Central Library OPAC University of Rajshahi

Farming and food supplies : (Record no. 2987)

MARC details
000 -LEADER
fixed length control field 00733nam a22002532 4500
001 - CONTROL NUMBER
control field 2987
003 - CONTROL NUMBER IDENTIFIER
rucl marc code UkOxU
005 - DATE AND TIME OF LATEST TRANSACTION
control field 20211208233644.0
008 - FIXED-LENGTH DATA ELEMENTS--GENERAL INFORMATION
fixed length control field 131217s1965 enk b 001 0 eng
035 ## - SYSTEM CONTROL NUMBER
System control number OCLC ocm04117071 from D970725M
040 ## - CATALOGING SOURCE
Original cataloging agency DLC
Transcribing agency IPL
Modifying agency UKM
-- EQO
Language of cataloging eng
041 ## - LANGUAGE CODE
Language code of text/sound track or separate title eng
082 ## - DEWEY DECIMAL CLASSIFICATION NUMBER
Classification number 338.10942
100 1# - MAIN ENTRY--PERSONAL NAME
Personal name Bramley, Margaret.
9 (RLIN) 9518
245 10 - TITLE STATEMENT
Title Farming and food supplies :
Remainder of title the case for expansion of British agriculture.
260 ## - PUBLICATION, DISTRIBUTION, ETC. (IMPRINT)
Place of publication, distribution, etc. London :
Name of publisher, distributor, etc. Allen & Unwin,
Date of publication, distribution, etc. c1965
300 ## - PHYSICAL DESCRIPTION
Pagination 131 p.
Size 21 cm.
504 ## - BIBLIOGRAPHY, ETC. NOTE
Bibliography, etc Bibliographical footnotes.
650 #0 - SUBJECT ADDED ENTRY--TOPICAL TERM
Topical term or geographic name as entry element Agriculture and state
Geographic subdivision Great Britain.
9 (RLIN) 9519
Topical term or geographic name as entry element Food supply.
9 (RLIN) 9203
942 ## - ADDED ENTRY ELEMENTS (KOHA)
Source of classification or shelving scheme Dewey Decimal Classification
Koha item type Books
Holdings
Lost status Source of classification or shelving scheme Damaged status Not for loan Collection code Permanent Location Current Location Shelving location Date acquired Source of acquisition Cost, normal purchase price Total Checkouts Full call number Date last seen Copy number Koha item type
  Dewey Decimal Classification   Not For Loan Non-fiction Central Library, University of Rajshahi Central Library, University of Rajshahi   11/06/1968 Zeithlinger. 20.00   338.10942 BRF 1965 17/12/2013 C-1 Books